Which President? - Statistics

General Stats
  • This quiz has been taken 33 times
  • The average score is 18 of 45
Answer Stats
Hint Answer % Correct
A well-known dam is named after him Herbert Hoover
91%
Only president to resign Richard M. Nixon
91%
Ended slavery Abraham Lincoln
82%
He wanted to “Make America Great Again” Donald Trump
82%
“Cut down” a cherry tree George Washington
73%
Oldest president elected Joe Biden
73%
Led the country through the Great Depression and most of WWII Franklin D. Roosevelt
68%
Served two non-consecutive terms Grover Cleveland
68%
Only president not born in the contiguous US Barack Obama
64%
Played the saxophone Bill Clinton
64%
Heaviest president William Howard Taft
64%
Was in 13 duels Andrew Jackson
59%
Only president not elected Gerald Ford
59%
Liberia's capital is named after him James Monroe
59%
First president to be impeached Andrew Johnson
55%
Bombed Japan Harry S. Truman
55%
His smile is on peanuts Jimmy Carter
55%
Started National Parks Theodore Roosevelt
55%
Elected only after a legal battle that went to the Supreme Court George W. Bush
50%
Known to be quiet and shy Calvin Coolidge
45%
Never married James Buchanan
45%
Grandfather was president Benjamin Harrison
41%
First president to be in a political ad on TV Dwight Eisenhower
41%
Once the youngest Navy pilot in the armed forces George H. W. Bush
41%
His inaugural speech probably killed him William Henry Harrison
41%
Started NASA John F. Kennedy
36%
The “Great Communicator” Ronald Reagan
36%
He, his wife, daughters, and dog have the same initials Lyndon B. Johnson
27%
First president born as a US citizen Martin Van Buren
23%
Nicknamed “Young Hickory James K. Polk
18%
Shortest president James Madison
18%
First President to take the oath in D.C Thomas Jefferson
18%
President when the 19th Amendment (Women’s Rights) was signed Woodrow Wilson
18%
the “Father of American Independence” John Adams
14%
First to install a telephone in the White House Rutherford B. Hayes
14%
First president to ride to his inaugural in a car versus a carriage Warren G. Harding
14%
Robert Lincoln was a pallbearer at this president’s funeral Chester Arthur
9%
Suffered a fatal stroke at the US HOR John Quincy Adams
9%
First president married in office John Tyler
9%
Was given a speeding fine while in office Ulysses S. Grant
9%
The modern political button was patented during his campaign William McKinley
9%
Said “I affirm” instead of “I swear” in his oath Franklin Pierce
5%
First president to have his inauguration celebration in the Smithsonian James Garfield
5%
Nicknamed “Old Rough and Ready” Zachary Taylor
5%
Had the first iron kitchen installed in the White House Millard Fillmore
0%
No matching quizzes found
Score Distribution
Percent of People with Each Score
Percentile by Number Answered
Your Score History
You have not taken this quiz